000 00369nam a22001457a 4500
003 OSt
008 220825b |||||||| |||| 00| 0 eng d
020 _a9789351242390
082 _a381.410954
_bNIR/AG
100 _aNirmal ravi kumar
_95240
245 _aAgricultural marketing vol 2
260 _aNew delhi
_bDaya publishing house
_c2014
300 _a1084
942 _cBK
999 _c17540
_d17540